Guess the TV Show from the Cast - Statistics

General Stats
  • This quiz has been taken 222 times
  • The average score is 6 of 10
Answer Stats
Hint Answer % Correct
David Schwimmer / Courteney Cox / Matt LeBlanc / Matthew Perry / Jennifer Aniston Friends
99%
Winona Ryder / Millie Bobby Brown / Noah Schnapp / Maya Hawke / Sean Astin Stranger Things
81%
Jerry Seinfeld / Jason Alexander / Julia Louis-Dreyfus / Michael Richards / Wayne Knight Seinfeld
69%
Bryan Cranston / Aaron Paul / Bob Odenkirk / Giancarlo Esposito / Anna Gunn Breaking Bad
66%
Cillian Murphy / Sam Neill / Sophie Rundle / Helen McCrory / Paul Anderson Peaky Blinders
64%
Simon Cowell / Paula Abdul / Randy Jackson / Katy Perry / Keith Urban American Idol
48%
James Gandolfini / Lorraine Bracco / Edie Falco / Michael Imperioli / / Dominic Chianese The Sopranos
47%
Ed O'Neill / Katey Sagal / David Garrison / Amanda Bearse / Christina Applegate Married... with Children
35%
Brian "Q" Quinn / James "Murr" Murray / Sal Vulcano / Joe Gatto / Joey Fatone Impractical Jokers
27%
John Cleese / Prunella Scales / Andrew Sachs / Connie Booth / Ballard Berkeley Fawlty Towers
26%
No matching quizzes found
Score Distribution
Percent of People with Each Score
Percentile by Number Answered
Your Score History
You have not taken this quiz